000 00390nam a2200169Ia 4500
001 22799
005 20260414150854.0
008 260414t2008||||xx |||||||||||||| ||spa||
041 _aESP
082 _a624
_bM43 T. 2
100 _aMerritt, Frederick S.
_eAUT
245 0 _aManual del ingeniero civil
_b
260 _c2008
650 _a0
654 _aCIC
942 _cLIB
_dJUS
_fJUS
_2ddc
_n
999 _c22799
_d22799